| 000 | 00965cac a22002891a 4500 | ||
|---|---|---|---|
| 999 |
_c9161 _d9161 |
||
| 003 | EG-ScBUE | ||
| 005 | 20191202130618.0 | ||
| 008 | 190722s2004 nyua f 000 0 eng d | ||
| 020 | _a9780194366182 | ||
| 040 |
_aEG-ScBUE _beng _erda _cEG-ScBUE _dEG-ScBUE |
||
| 050 | _aPE1128 | ||
| 082 | 0 | 4 |
_a428.24 _bLES _222 |
| 100 | 1 |
_aLesley, Tay, _eauthor. |
|
| 245 | 1 | 0 |
_aGrammar sense 1 : _bworkbook / _cTay Lesley. |
| 246 | 3 |
_aGrammar sense one : _bworkbook |
|
| 264 | 1 |
_aNew York : _bOxford University Press, _c2004. |
|
| 300 |
_a145 pages : _billustrations ; _c24 cm |
||
| 336 |
_2rdacontent _atext _btxt |
||
| 337 |
_2rdamedia _aunmediated _bn |
||
| 338 |
_2rdacarrier _avolume _bnc |
||
| 590 | _amahmoud sami | ||
| 650 | 7 |
_aEnglish language _vTextbooks for foreign speakers. _2BUEsh |
|
| 650 | 7 |
_aEnglish language _xGrammar _vProblems, exercises, etc. _2BUEsh |
|
| 653 |
_bHHUUEENN _cDecember2019 |
||
| 655 | _vReading book | ||
| 942 |
_cBB _k428.24LES _2ddc |
||